UEFA EURO 2024 Host by Picture - Statistics

General Stats
  • This quiz has been taken 27 times
  • The average score is 8 of 10
Answer Stats
Picture Answer % Correct
Cologne
100%
Frankfurt
94%
Hamburg
89%
München
89%
Berlin
83%
Düsseldorf
83%
Stuttgart
78%
Leipzig
72%
Dortmund
67%
Gelsenkirchen
61%
No matching quizzes found
Score Distribution
Percent of People with Each Score
Percentile by Number Answered
Your Score History
You have not taken this quiz